000 00681nam a2200229Ia 4500
003 OSt
005 20221002054100.0
006 a|||||r|||| 00| 0
007 ta
008 220930b |||||||| |||| 00| 0 eng d
024 _a60778
037 _cReference Collections
040 _aCRL
_cCRL
_beng
041 _2eng
_aeng
082 _aU2855s2:N5, K5.1-.2(RR)
111 _aIndia, Meteorological(Department of-)
_9575400
245 0 _aMonthly and annual rainfall and number of rainy days
_b Period 1901-1950. 2 Parts
260 _c1965
650 _aGEOGRAPHY
942 _hU2855s2:N5, K5.1-.2(RR)
_cref
_2CC
999 _c923961
_d923961